I Love My Daddy / (Record no. 3700)

MARC details
000 -LEADER
fixed length control field 01417cam a22004097i 4500
001 - CONTROL NUMBER
control field 3700
003 - CONTROL NUMBER IDENTIFIER
control field FISKH
005 - DATE AND TIME OF LATEST TRANSACTION
control field 20240422142624.0
008 - FIXED-LENGTH DATA ELEMENTS--GENERAL INFORMATION
fixed length control field 160318s2011 ctua j 000 0 eng
010 ## - LIBRARY OF CONGRESS CONTROL NUMBER
LC control number 2011931112
020 ## - INTERNATIONAL STANDARD BOOK NUMBER
International Standard Book Number 9781607273462
040 ## - CATALOGING SOURCE
Original cataloging agency DLC
Language of cataloging eng
Description conventions rda
Transcribing agency DLC
050 00 - LIBRARY OF CONGRESS CALL NUMBER
Classification number PZ8.G1368
082 ## - DEWEY DECIMAL CLASSIFICATION NUMBER
Classification number 438
100 1# - MAIN ENTRY--PERSONAL NAME
Personal name Galvin, Laura Gates,
Dates associated with a name 1963-
245 10 - TITLE STATEMENT
Title I Love My Daddy /
Statement of responsibility, etc. Written by Laura Gates Galvin ; With illustrations by Robert Hynes, Steven James Petruccio, Wendy Smith, Joel Snyder, Daniel J. Stegos and Beth Stover
260 ## - PUBLICATION, DISTRIBUTION, ETC.
Place of publication, distribution, etc. Washington :
Name of publisher, distributor, etc. Palm Publishing,
Date of publication, distribution, etc. 2011.
300 ## - PHYSICAL DESCRIPTION
Extent 16 unnumbered pages :
Other physical details color illustrations ;
Dimensions 19 cm.
336 ## - CONTENT TYPE
Content type term text
Content type code txt
Source rdacontent
337 ## - MEDIA TYPE
Media type term unmediated
Media type code n
Source rdamedia
338 ## - CARRIER TYPE
Carrier type term volume
Carrier type code nc
Source rdacarrier
490 0# - SERIES STATEMENT
Series statement I Love My series
505 ## - FORMATTED CONTENTS NOTE
Formatted contents note E<br/>
520 ## - SUMMARY, ETC.
Summary, etc. Different animal youngsters tell why they love their mommies.
521 8# - TARGET AUDIENCE NOTE
Target audience note 180<br/>
Source Lexile <br/>
521 8# - TARGET AUDIENCE NOTE
Target audience note E<br/>
Source Raz-Plus <br/>
650 #0 - SUBJECT ADDED ENTRY--TOPICAL TERM
Topical term or geographic name entry element Father and child
Form subdivision Juvenile literature.
700 1# - ADDED ENTRY--PERSONAL NAME
Personal name Hynes, Robert,
Relator term illustrator
700 1# - ADDED ENTRY--PERSONAL NAME
Personal name Petruccio, Steven James
Relator term illustrator
700 1# - ADDED ENTRY--PERSONAL NAME
Personal name Wendy Smith,
Relator term illustrator
700 1# - ADDED ENTRY--PERSONAL NAME
Personal name Snyder, Joel
Relator term illustrator
700 1# - ADDED ENTRY--PERSONAL NAME
Personal name Stegos, Daniel J.
Relator term illustrator
700 1# - ADDED ENTRY--PERSONAL NAME
Personal name Beth Stover
Relator term illustrator
906 ## - LOCAL DATA ELEMENT F, LDF (RLIN)
a 7
b cbc
c orignew
d 4
e ncip
f 20
g y-gencatlg
942 ## - ADDED ENTRY ELEMENTS (KOHA)
Source of classification or shelving scheme Dewey Decimal Classification
Koha item type Books
Suppress in OPAC No
Holdings
Withdrawn status Lost status Source of classification or shelving scheme Damaged status Not for loan Collection Home library Current library Shelving location Date acquired Total Checkouts Full call number Barcode Date last seen Date last checked out Price effective from Koha item type
    Dewey Decimal Classification     Juvenile Fiction Footprints International School Library Network Toul Kork Campus Footprints International School Library Network Toul Kork Campus TK Primary Library Room(4th Floor), Bookcase 7, Shelves 57-60, Dark Green Books 04/22/2024 1 GAL 438 PZ8.G1368 FISTK02099 01/14/2026 11/11/2025 04/22/2024 Books